| 000 | 01365cam a22004093a 4500 | ||
|---|---|---|---|
| 001 | 13689583 | ||
| 003 | OSt | ||
| 005 | 20140310184249.0 | ||
| 008 | 040817s2004 nyua j 000 1 eng d | ||
| 010 | _a 2004596264 | ||
| 020 | _a0439560527 | ||
| 035 | _a(OCoLC)ocm54998995 | ||
| 040 |
_aIG# _cIG# _dDLC |
||
| 042 | _alccopycat | ||
| 050 | 0 | 0 |
_aPZ 10 _b.Sch398f18 2004 |
| 100 | 1 |
_aSchwabacher, Martin. _927745 |
|
| 245 | 1 | 4 |
_aThe fishy field trip / _cMartin Schwabacher |
| 260 |
_aNew York, N.Y. : _bScholastic, _cc2004. |
||
| 300 |
_a103 p. : _bill. ; _c20 cm. |
||
| 440 | 4 |
_aThe Magic School Bus, a science chapter book ; _v#18 _927746 |
|
| 521 | _aG4 | ||
| 526 | _c700 | ||
| 650 | 0 |
_aCoral reefs and islands _vFiction. _927747 |
|
| 650 | 0 |
_aMarine biology _vFiction. _927748 |
|
| 655 | 7 |
_aChildren's stories. _2lcsh _93012 |
|
| 700 | 1 |
_aGangloff, Hope. _927749 |
|
| 700 | 1 |
_aCole, Joanna. _94006 |
|
| 700 | 1 |
_aDegen, Bruce. _95081 |
|
| 710 | 2 |
_aCopyright Paperback Collection (Library of Congress) _5DLC _9705 |
|
| 730 | 0 |
_aMagic school bus (Television program) _927750 |
|
| 856 | 4 | 2 |
_3Publisher description _uhttp://www.loc.gov/catdir/description/schol051/2004596264.html |
| 906 |
_a7 _bcbc _ccopycat _d2 _encip _f20 _gy-genrareb |
||
| 942 |
_2lcc _cBK-SCHOLAS |
||
| 999 |
_c33348 _d33348 |
||